[Event "Wch U14 Girls"]
[Site "Montesilvano"]
[Date "2023.11.20"]
[Round "7"]
[White "Balazs, Szabina Zoe"]
[Black "Andries, Alexia"]
[Result "1/2-1/2"]
[WhiteElo "1552"]
[BlackElo "1750"]
[PlyCount "87"]
[EventDate "2023.11.13"]
[EventType "swiss"]
[EventRounds "11"]
[EventCountry "ITA"]
[SourceTitle "CB48_2023"]
[SourceDate "2023.11.29"]
[SourceVersion "1"]
[SourceVersionDate "2023.11.29"]
[SourceQuality "1"]

1. e4 c5 2. Nf3 Nc6 3. Bb5 g6 4. 0-0 Bg7 5. Re1 Nf6 6. a3 0-0 7. Bxc6 bxc6 8. Nc3 d6 9. d3 Rb8 10. Rb1 Nd7 11. Bd2 Ne5 12. Nxe5 Bxe5 13. Bh6 Re8 14. Qc1 Ba6 15. Ne2 Qa5 16. f4 Bxb2 17. Qe3 Bg7 18. f5 Bh8 19. h4 Rb2 20. h5 Reb8 21. Rbc1 Rxc2 22. fxg6 hxg6 23. hxg6 Rxc1 24. Rxc1 Bf6 25. Qg3 Qxa3 26. Rd1 Qb3 27. Rd2 Qe6 28. Nf4 Be5 29. gxf7+ Kxf7 30. Qh4 Rb1+ 31. Kf2 Bxf4 32. Bxf4 Qf6 33. Qh5+ Kf8 34. Kg3 Rf1 35. Bh6+ Kg8 36. Qg4+ Kh7 37. Bg5 Qe5+ 38. Bf4 Qg7 39. Bg5 Qe5+ 40. Bf4 Qf6 41. Bg5 Qe5+ 42. Bf4 Qg7 43. Bg5 Qe5+ 44. Bf4 1/2-1/2

[Event "Wch U14 Girls"]
[Site "Montesilvano"]
[Date "2023.11.16"]
[Round "4"]
[White "Sosovickova, Martina"]
[Black "Balazs, Szabina Zoe"]
[Result "1-0"]
[WhiteElo "1877"]
[BlackElo "1552"]
[PlyCount "65"]
[EventDate "2023.11.13"]
[EventType "swiss"]
[EventRounds "11"]
[EventCountry "ITA"]
[SourceTitle "CB48_2023"]
[SourceDate "2023.11.29"]
[SourceVersion "1"]
[SourceVersionDate "2023.11.29"]
[SourceQuality "1"]

1. e4 c5 2. Nf3 d6 3. Bb5+ Bd7 4. Bxd7+ Nxd7 5. 0-0 Ngf6 6. Qe2 e5 7. c3 Be7 8. d4 cxd4 9. cxd4 0-0 10. Nc3 Re8 11. Rd1 Qb8 12. Bg5 a6 13. Rac1 b5 14. dxe5 dxe5 15. Nd5 Nxd5 16. Rxd5 Bxg5 17. Nxg5 Qb7 18. f3 f6 19. Nh3 Nf8 20. Qd1 Ne6 21. Rd7 Qb6+ 22. Kh1 Rad8 23. Qd5 Rxd7 24. Qxd7 Rd8 25. Rc8 Rxc8 26. Qxc8+ Kf7 27. Qd7+ Kg6 28. g4 Kh6 29. Qf7 g6 30. Qxf6 Qe3 31. Qxe6 Qxf3+ 32. Kg1 Qxh3 33. g5+ 1-0

[Event "Wch U14 Girls"]
[Site "Montesilvano"]
[Date "2023.11.15"]
[Round "3"]
[White "Balazs, Szabina Zoe"]
[Black "Toth, Lili1"]
[Result "1/2-1/2"]
[WhiteElo "1552"]
[BlackElo "1901"]
[PlyCount "106"]
[EventDate "2023.11.13"]
[EventType "swiss"]
[EventRounds "11"]
[EventCountry "ITA"]
[SourceTitle "CB48_2023"]
[SourceDate "2023.11.29"]
[SourceVersion "1"]
[SourceVersionDate "2023.11.29"]
[SourceQuality "1"]

1. e4 e5 2. Nf3 Nc6 3. Bc4 Nf6 4. d3 Be7 5. 0-0 0-0 6. a4 d5 7. exd5 Nxd5 8. Re1 Bg4 9. Nbd2 Kh8 10. h3 Bh5 11. Nf1 f6 12. Ng3 Bf7 13. Nf5 Qd7 14. Nxe7 Ncxe7 15. d4 exd4 16. Qxd4 Rad8 17. b3 Nc6 18. Qd1 Qc8 19. Qe2 Rfe8 20. Qf1 Ncb4 21. c3 Nc2 22. Rxe8+ Bxe8 23. Ra2 Bg6 24. Bd2 Nb6 25. Be2 Be4 26. Qc1 Qe6 27. Rb2 c5 28. Bd1 Na3 29. Ra2 Nb1 30. Be3 Nd5 31. Bd2 Nbxc3 32. Bxc3 Nxc3 33. Rd2 Rxd2 34. Qxd2 Nxd1 35. Qxd1 Qd5 36. Qxd5 Bxd5 37. Nd2 b6 38. f3 Kg8 39. Kf2 Kf7 40. Ke3 Ke6 41. g4 a6 42. h4 h6 43. h5 Kd6 44. Kf4 b5 45. axb5 axb5 46. Kf5 c4 47. bxc4 bxc4 48. Nxc4+ Bxc4 49. Kg6 Be2 50. Kxg7 Ke7 51. Kxh6 Bxf3 52. g5 fxg5 53. Kxg5 Bxh5 1/2-1/2

[Event "EU-ch U14 Girls rapid"]
[Site "Terme Catez"]
[Date "2023.09.28"]
[Round "2"]
[White "Balazs, Szabina Zoe"]
[Black "Sekova, Olivia"]
[Result "0-1"]
[WhiteElo "1485"]
[BlackElo "1766"]
[PlyCount "82"]
[EventDate "2023.09.28"]
[EventType "swiss (rapid)"]
[EventRounds "9"]
[EventCountry "SLO"]
[SourceTitle "EXT 2024"]
[Source "ChessBase"]
[SourceDate "2023.10.10"]
[SourceVersion "1"]
[SourceVersionDate "2023.10.10"]
[SourceQuality "1"]

1. e4 c5 2. Nf3 Nc6 3. Bb5 g6 4. c3 Bg7 5. 0-0 Nf6 6. Re1 a6 7. Ba4 b5 8. Bc2 c4 9. a4 b4 10. b3 cxb3 11. Bxb3 0-0 12. d4 d5 13. e5 Ne4 14. cxb4 Nxb4 15. Ba3 Rb8 16. Nfd2 Bf5 17. Nxe4 Bxe4 18. Nc3 Nd3 19. Rf1 Bh6 20. Bxd5 Nxf2 21. Rxf2 Bxd5 22. Nxd5 Qxd5 23. Rf3 Rb7 24. Bc5 Bg7 25. Qf1 Bxe5 26. Rd1 Bd6 27. Bxd6 Qxd6 28. d5 a5 29. h4 Rb4 30. Qf2 Rxa4 31. h5 Rb4 32. hxg6 hxg6 33. Kh1 Rb5 34. Qd4 Rb4 35. Qf2 Qb6 36. Qd2 Rh4+ 37. Rh3 Rxh3+ 38. gxh3 Qf6 39. Kg2 Rb8 40. Qxa5 Rb2+ 41. Rd2 Qg5+ 0-1

[Event "HUN-ch U10/14 Girls"]
[Site "Buek"]
[Date "2023.06.23"]
[Round "7"]
[White "Balazs, Szabina Zoe"]
[Black "Hangyal, Dora"]
[Result "1-0"]
[WhiteElo "1544"]
[BlackElo "1345"]
[PlyCount "93"]
[EventDate "2023.06.17"]
[EventType "swiss"]
[EventRounds "9"]
[EventCountry "HUN"]
[SourceTitle "CBM 215 Extra"]
[Source "ChessBase"]
[SourceDate "2023.09.30"]
[SourceVersion "1"]
[SourceVersionDate "2023.09.30"]
[SourceQuality "1"]

1. e4 c5 2. Nf3 Nc6 3. d4 cxd4 4. Nxd4 Qb6 5. Nb3 Nf6 6. Nc3 a6 7. Be2 e6 8. a3 Be7 9. Be3 Qc7 10. Qd2 b5 11. Bf3 Ne5 12. Bf4 Nxf3+ 13. gxf3 e5 14. Bg5 d6 15. Bxf6 Bxf6 16. 0-0-0 Be6 17. Qxd6 Qxd6 18. Rxd6 0-0 19. Nc5 Be7 20. Nxe6 Bxd6 21. Nxf8 Rxf8 22. Nd1 a5 23. Ne3 g6 24. Rg1 Kh8 25. Rd1 Rd8 26. Ng4 Bc7 27. Rxd8+ Bxd8 28. Nxe5 Bc7 29. Nd3 f6 30. Kd2 g5 31. h3 Kg7 32. Ke2 Bb6 33. f4 h6 34. fxg5 hxg5 35. Kf3 Bc7 36. Kg4 Kg6 37. f4 gxf4 38. Nxf4+ Kf7 39. Kf5 Be5 40. Nd3 Bd6 41. h4 Bf8 42. h5 Bh6 43. b3 Kg7 44. a4 bxa4 45. bxa4 Be3 46. Nf4 Kh6 47. Nd5 1-0

[Event "HUN-ch U10/14 Girls"]
[Site "Buek"]
[Date "2023.06.22"]
[Round "6"]
[White "Toth, Timea2222"]
[Black "Balazs, Szabina Zoe"]
[Result "0-1"]
[WhiteElo "1964"]
[BlackElo "1544"]
[PlyCount "68"]
[EventDate "2023.06.17"]
[EventType "swiss"]
[EventRounds "9"]
[EventCountry "HUN"]
[SourceTitle "CBM 215 Extra"]
[Source "ChessBase"]
[SourceDate "2023.09.30"]
[SourceVersion "1"]
[SourceVersionDate "2023.09.30"]
[SourceQuality "1"]

1. e4 c5 2. c3 Nf6 3. e5 Nd5 4. d4 cxd4 5. cxd4 e6 6. Bc4 Nb6 7. Bb3 d6 8. exd6 Bxd6 9. Nc3 Nc6 10. a3 0-0 11. Nf3 a6 12. 0-0 Qc7 13. Ne4 Bf4 14. Bxf4 Qxf4 15. Re1 Nd5 16. Bxd5 exd5 17. Nc3 Qd6 18. Qb3 Be6 19. Qd1 Bg4 20. Rc1 Rad8 21. Re3 Qf6 22. h3 Bh5 23. g4 Bg6 24. Ne5 Qd6 25. Nxg6 fxg6 26. b4 Qf6 27. Qd2 Nxd4 28. Rd1 Nf3+ 29. Rxf3 Qxf3 30. Nxd5 Kh8 31. Qd4 Rd7 32. Rd3 Qf7 33. Qc4 Qxf2+ 34. Kh1 Qe1+ 0-1

[Event "HUN-ch U10/14 Girls"]
[Site "Buek"]
[Date "2023.06.20"]
[Round "3"]
[White "Balazs, Szabina Zoe"]
[Black "Szarvas, Nora Orsolya"]
[Result "1-0"]
[WhiteElo "1544"]
[BlackElo "1761"]
[PlyCount "160"]
[EventDate "2023.06.17"]
[EventType "swiss"]
[EventRounds "9"]
[EventCountry "HUN"]
[SourceTitle "CBM 215 Extra"]
[Source "ChessBase"]
[SourceDate "2023.09.30"]
[SourceVersion "1"]
[SourceVersionDate "2023.09.30"]
[SourceQuality "1"]

1. e4 c5 2. Nf3 d6 3. d4 cxd4 4. Nxd4 Nf6 5. Nc3 Nc6 6. Bg5 e6 7. f4 Be7 8. Qd2 0-0 9. Be2 a6 10. 0-0-0 h6 11. Bxf6 Bxf6 12. Nxc6 bxc6 13. Qxd6 Qb6 14. e5 Bd8 15. Qd4 c5 16. Qc4 Be7 17. Bf3 Rb8 18. Qb3 Qc7 19. Qa4 Rb4 20. Qc6 Qxc6 21. Bxc6 Rxf4 22. a3 Bg5 23. Kb1 Rf5 24. Rhe1 Bf4 25. Be4 Rh5 26. Bf3 Rxe5 27. Rxe5 Bxe5 28. Na4 Bxh2 29. Nxc5 Bc7 30. Be2 a5 31. b4 axb4 32. axb4 e5 33. b5 Be6 34. Nxe6 fxe6 35. c4 Rd8 36. Rxd8+ Bxd8 37. c5 Kf7 38. Kc2 Ke7 39. Kd3 Kd7 40. Bf3 Be7 41. Kc4 Kc7 42. b6+ Kb8 43. Bg4 e4 44. Bxe6 h5 45. c6 Bd6 46. c7+ Bxc7 47. bxc7+ Kxc7 48. Kd4 Kd6 49. Bf5 e3 50. Kxe3 Ke5 51. Bg6 h4 52. Kf3 Kf6 53. Be4 Kg5 54. Bc6 Kf5 55. Bd7+ Kg5 56. Bc8 g6 57. Bd7 Kh5 58. Kf4 Kh6 59. Kg4 g5 60. Bf5 h3 61. Kxh3 Kh5 62. g4+ Kh6 63. Kg3 Kg7 64. Kf3 Kf6 65. Ke4 Kg7 66. Kd5 Kf6 67. Kd6 Kf7 68. Be6+ Kf6 69. Bd5 Kg6 70. Ke7 Kg7 71. Bf7 Kh7 72. Kf6 Kh6 73. Be8 Kh7 74. Kxg5 Kg7 75. Bg6 Kg8 76. Kh6 Kh8 77. Bb1 Kg8 78. g5 Kh8 79. g6 Kg8 80. g7 Kf7 1-0

[Event "HUN-ch U10/14 Girls"]
[Site "Buek"]
[Date "2023.06.20"]
[Round "2"]
[White "Brieber, Dorottya"]
[Black "Balazs, Szabina Zoe"]
[Result "0-1"]
[WhiteElo "1265"]
[BlackElo "1544"]
[PlyCount "70"]
[EventDate "2023.06.17"]
[EventType "swiss"]
[EventRounds "9"]
[EventCountry "HUN"]
[SourceTitle "CBM 215 Extra"]
[Source "ChessBase"]
[SourceDate "2023.09.30"]
[SourceVersion "1"]
[SourceVersionDate "2023.09.30"]
[SourceQuality "1"]

1. d4 f5 2. c4 Nf6 3. Nc3 e6 4. a3 Be7 5. Bf4 a6 6. Nf3 d6 7. e3 Nbd7 8. Ng5 Nf8 9. Bd3 Ng6 10. Nf3 0-0 11. 0-0 c5 12. Qd2 Nh5 13. dxc5 Nhxf4 14. exf4 dxc5 15. Rad1 Qc7 16. g3 Bf6 17. Ne2 Rd8 18. b3 Bd7 19. Qc2 Bc6 20. Ng5 Qe7 21. Nh3 b6 22. f3 Qb7 23. Kg2 h6 24. Nhg1 h5 25. h3 Bd4 26. Nxd4 Rxd4 27. Be2 Rxd1 28. Rxd1 h4 29. Qd2 hxg3 30. Qd6 Kf7 31. Kxg3 Rh8 32. Re1 Nh4 33. Bd1 Rh6 34. Rf1 Rg6+ 35. Kxh4 Qc8 0-1

[Event "EU Union-ch U12"]
[Site "Pec pod Snezkou"]
[Date "2022.08.28"]
[Round "7"]
[White "Jezek, Jakub"]
[Black "Balazs, Szabina Zoe"]
[Result "1/2-1/2"]
[WhiteElo "1770"]
[BlackElo "1437"]
[PlyCount "111"]
[EventDate "2022.08.22"]
[EventType "swiss"]
[EventRounds "9"]
[EventCountry "CZE"]
[SourceTitle "EXT 2023"]
[Source "ChessBase"]
[SourceDate "2022.10.05"]
[SourceVersion "1"]
[SourceVersionDate "2022.10.05"]
[SourceQuality "1"]

1. d4 e6 2. c4 Nf6 3. Nc3 Bb4 4. Qc2 0-0 5. a3 Bxc3+ 6. bxc3 d5 7. cxd5 Nxd5 8. e4 Ne7 9. Bg5 b6 10. Bd3 Bb7 11. Ne2 Nd7 12. 0-0 c5 13. f4 Rc8 14. Qd2 Re8 15. Qa2 Nf8 16. f5 cxd4 17. cxd4 h6 18. Bh4 Rc7 19. f6 Neg6 20. Bg3 Rd7 21. Bb5 Bxe4 22. Bxd7 Qxd7 23. fxg7 Kxg7 24. Rac1 Rc8 25. Rxc8 Qxc8 26. Rc1 Qa6 27. Nc3 Qd3 28. Qe2 Qxe2 29. Nxe2 h5 30. Nf4 Nxf4 31. Bxf4 Ng6 32. Bb8 a6 33. Bc7 b5 34. g3 Ne7 35. Re1 Bd5 36. Be5+ f6 37. Bd6 Nc6 38. Bc5 a5 39. Rb1 Bc4 40. Rc1 a4 41. Kf2 Kg6 42. Ke3 Kf5 43. h3 Nd8 44. Rc2 Nc6 45. Rf2+ Kg5 46. Bd6 h4 47. gxh4+ Kxh4 48. Rxf6 Kxh3 49. Rh6+ Kg4 50. Rh8 Kf5 51. Ra8 Kf6 52. Ra6 Bd5 53. Rb6 Na5 54. Be5+ Kf5 55. Rxb5 Nc4+ 56. Kd3 1/2-1/2

[Event "Szolnok op"]
[Site "Szolnok"]
[Date "2022.06.17"]
[Round "3"]
[White "Merena, Laszlo"]
[Black "Balazs, Szabina Zoe"]
[Result "1-0"]
[WhiteElo "1720"]
[BlackElo "1426"]
[PlyCount "45"]
[EventDate "2022.06.16"]
[EventType "swiss"]
[EventRounds "7"]
[EventCountry "HUN"]
[SourceTitle "CBM 209 Extra"]
[Source "ChessBase"]
[SourceDate "2022.09.30"]
[SourceVersion "1"]
[SourceVersionDate "2022.09.30"]
[SourceQuality "1"]

1. e4 e6 2. f4 d5 3. e5 c5 4. c3 Nc6 5. Nf3 Qb6 6. d3 Be7 7. Qc2 Bd7 8. Be3 d4 9. Bf2 Rc8 10. Nbd2 dxc3 11. bxc3 Qc7 12. Be2 f6 13. Bg3 f5 14. Rb1 b6 15. Nc4 Nd8 16. 0-0 Nf7 17. Rfc1 h6 18. d4 g5 19. Ne3 Qb7 20. d5 exd5 21. Nxf5 Qc6 22. Bb5 Qc7 23. e6 1-0